| 000 | 01086nam a2200265Ia 4500 | ||
|---|---|---|---|
| 003 | OSt | ||
| 005 | 20210503145704.0 | ||
| 008 | 210310s1957 mx abd gr 000 0 spa d | ||
| 040 |
_aCO-JMCR _cCO-JMCR |
||
| 041 | 1 |
_aspa _heng |
|
| 082 | 0 | 4 |
_a330.94 / _bF899h _223 |
| 100 | 1 |
_aFriedlaender, H.E., _eautor _926133 |
|
| 245 | 1 | 0 |
_aHistoria económica de la Europa moderna / _cH. E. Friedlaender, J. Oser ; traducción de Florentino M. Torner |
| 250 | _aPrimera edición | ||
| 260 |
_aMéxico : _bFondo de Cultura Económica, _c1957. |
||
| 300 |
_a695 páginas : _bilustraciones, mapas y gráficos en blanco y negro ; _c22 cm. |
||
| 500 | _aincluye notas a pie de página. | ||
| 504 | _aBibliografía: páginas 673. | ||
| 505 | 0 | _aNacimiento del capitalismo. -- La madurez del capitalismo. -- El periodo entre guerras mundiales. -- La segunda guerra mundial y tiempos posteriores. | |
| 650 | 1 | 4 |
_aHistoria económica _937386 |
| 650 | 2 | 4 |
_aCapitalismo _y1870- _937387 |
| 700 | 1 |
_aOser, J., _eautor _937388 |
|
| 700 | 1 |
_aTorner, Florentino M., _etraductor _91750 |
|
| 942 |
_2ddc _cBK |
||
| 999 |
_c11667 _d11667 |
||